Statistics for Top Ireland Rugby Point Scorers

Click here to take the quiz!

General Stats

  • This quiz has been taken 12 times
  • The average score is 5 of 10

Answer Stats

NPlayerClubPointsYearsApps% Correct
2Jonathan SextonLeinster8842009-present97
100%
1Ronan O'GaraMunster1,0832000-2013128
100%
6Brian O'DriscollLeinster2451999-2014133
45%
5Eric ElwoodConnacht2961993-199935
45%
3David HumphreysUlster5601996-200572
36%
4Michael KiernanDolphin RFC3081982-199143
36%
10Tom KiernanMunster1581960-197354
36%
7Ollie CampbellNo Info2171976-198422
27%
8Paddy JacksonUlster1952013-201725
27%
9Keith EarlsLeinster1652008-present91
18%

Score Distribution

Percentile by Number Answered

Percent of People with Each Score

Your Score History

You have not taken this quiz